000 00418nam a2200205Ia 4500
001 001678
003 YMCAF
005 20230512160111.0
008 100717s1971 ||||||||||||||||| ||und|d
024 _a1678
035 _a1659
040 _aYMCAF
_beng
_cIN-KoLT
041 _aeng
082 _aTEC-BOM
100 _aBOMO EDWARDDE
245 0 _aTECH . TODAY
260 _c1971
300 _a144
942 _2ddc
_cBK
999 _c1358
_d1358